Central Library OPAC University of Rajshahi
Normal view MARC view

Entry Personal Name

Number of records used in: 2

001 - CONTROL NUMBER

  • control field: 1456

003 - CONTROL NUMBER IDENTIFIER

  • control field: BD-RjUL

005 - DATE AND TIME OF LATEST TRANSACTION

  • control field: 20220217131625.0

008 - FIXED-LENGTH DATA ELEMENTS

  • fixed length control field: 220217|| aca||aabn | a|a d

040 ## - CATALOGING SOURCE

  • Original cataloging agency: BD-RjUL
  • Transcribing agency: BD-RjUL

100 ## - HEADING--PERSONAL NAME

  • Personal name: Salem, Mohamed Rashad Rafeeq ;; سالم، محمد رشاد رفيق

670 ## - SOURCE DATA FOUND

  • Source citation: Work cat.: (BD-RjUL)79415: ابن تيمية، احمد بن عبد الحليم، ;; Ibn Taymiyyah, Ahmad Ibn Abd al-Halim, 1263-1328 847, منهاج السنة النبوية ;; minhaj alsunat alnabawiat :, ١٩٦٢[1962]